000 02571cam a22004215i 4500
001 24163968
005 20250523065018.0
008 250421t20192019enka e 000 j eng d
010 _a 2025398293
020 _a9781529302929
035 _a(OCoLC)on1142508510
040 _ctbs
041 0 _atur
_aeng
100 _aRichards, Olly
_eauthor
_912403
245 1 0 _aShort stories in Turkish
_b: read for pleasure at your level and learn Turkish the fun way!
_c/ Olly Richards ; series editor Rebecca Moeller ; development editor H. Inci Abrook.
246 1 _iAt head of title:
_aTeach yourself
246 1 4 _aShort stories in Turkish for beginners
260 _aLondon :
_bJohn Murray Learning,
_c2019.
300 _axiv, 208 pages :
_billustrations ;
_c20 cm
490 _aForeign language graded reader series
490 _aTeach yourself
505 0 _aHow to read effectively — The six-step reading process — Çilgin Döner — Olağan Dişi Bir Gezi — Şövalye — Saat — Sandik — Bilinmeyen Ülke — Gorunmez Kadin Leman — Kapsül — Answer key — Turkish-English glossary.
505 0 _aMapped to A2-B1 on the Common European Framework of Reference — A glossary for bolded words in each text — A bilingual word list — Full plot summary — Comprehension questions after each chapter.
520 _aShort Stories in Turkish for Beginners is designed for A2-B1 learners, offering eight engaging stories across genres like science fiction, crime, and history to make learning Turkish fun and rewarding. The book uses controlled language, authentic dialogues, and accessible grammar to build vocabulary and speaking skills with confidence. Helpful features—such as glossaries, bilingual word lists, plot summaries, and comprehension questions—support natural, stress-free learning. It’s a motivating resource that makes reading in Turkish enjoyable, without feeling overwhelmed.
546 _aIn Turkish and English.
650 0 _aTurkish language
_vReaders
_925314
650 0 _aShort stories, Turkish
_925315
650 0 _aTurkish language
_vTextbooks for foreign speakers
_xEnglish
_925316
650 0 _aTurkish language
_vSelf-instruction
_925317
650 0 _aReading comprehension
_vProblems, exercises, etc.
_925107
655 0 _aShort stories
_922375
655 0 _aReaders (Publications)
_925108
655 0 _aSelf-instructional works
_925331
655 0 _aInstructional and educational works
_923270
700 _aMoeller, Rebecca Klevberg
_eeditor
_925299
700 _aAbrook, H. Inci
_eeditor
_925318
942 _2lcc
999 _c4697
_d4697